000 00486nam a2200169Ia 4500
003 IN-BaIIA
005 20250729144337.0
008 211028s9999 xx 000 0 eng d
040 _cIIA Library
080 _a523
_bSRI
100 _aIyenkar, C.N.Srinivasa
_93544
245 0 _aSolar system [In Kannada]
_cC.N.Srinivasa Iyenkar
260 _aDharwad
_bKarnatak University
_c1960
300 _a100p.
650 _aAstronomy
_980
942 _cBK
_2ddc
999 _c1847
_d1847